Govt. of
Madhya Pradesh

Normal view MARC view

Entry Personal Name

Number of records used in: 1

001 - CONTROL NUMBER

  • control field: 82615

003 - CONTROL NUMBER IDENTIFIER

  • control field: OSt

005 - DATE AND TIME OF LATEST TRANSACTION

  • control field: 20241020114945.0

008 - FIXED-LENGTH DATA ELEMENTS

  • fixed length control field: 241020|| aca||aabn | a|a d

040 ## - CATALOGING SOURCE

  • Original cataloging agency: OSt
  • Transcribing agency: OSt

100 ## - HEADING--PERSONAL NAME

  • Personal name: Patel, Dr.Mrunal

670 ## - SOURCE DATA FOUND

  • Source citation: Work cat.: (OSt)67270: Patel, Dr.Mrunal, Errorless 30 Topic-wise UPSC CIVIL ,IAS Services Prelims Previous year solved papers 1&2 (1995-2024), 2024